000 nam a22 a 4500
999 _c159149
_d159149
003 BLK
005 20230223141836.0
008 180410b bul|||||r ||||||| ||bul||
010 _aKNG00166214000
040 _aBLK
041 _aBUL
_cBUL
080 _aПазар. Анализ на пазара. Търсене. Предлагане. Конкуренция. Маркетингова логистика
_b339.13
_z339.13
100 1 _aМакФорън, Дезмънд
_eпърви автор
_991492
139 _aМакФорън, Дезмънд
_bМ 19
245 1 0 _aКак да водим преговори
_cДезмънд МакФорън; прев. от англ. Албена Горанова; прев. от англ. Теодор Кънчев.
257 _aUSA
260 _aСофия
_bИЦТТ Информа
_c1992
300 _a68 с.
_bс черт.
_c21 см
380 _a3
490 _aБиблиотека на бизнесмена
_v4
_9202162
500 _aБез сведение за ориг. загл. - Офс. изд. - 1500 тир.
650 4 _aМаркетинг
_9161163
653 _aмаркетинг
653 _aпреговори
700 1 _aГоранова, Албена
_eпрев. от англ.
_9309758
700 1 _aКънчев, Теодор
_eпрев. от англ.
_9242495
852 _aЦб 168999
856 4 _qpdf
_i25.00
_ldisable
856 4 _qpdf
_i25.00
_ldisable
942 _cKNG
_n0
_s1
944 _aCR
_c17.10.2014
_l17.10.2014 - от С1,Р / 17.10.2014
_kРадостина_Карадакова
944 _aED
_c17.10.2014
_l17.10.2014 - от С1,Р / 17.10.2014
999 _d159149